[Event "Euro Online U2300 Day 1"]
[Site "chess.com INT"]
[Date "2020.05.25"]
[Round "6"]
[White "Rahal, Michael A"]
[Black "Kacprzak, Karol"]
[Result "1-0"]
[WhiteTitle "IM"]
[WhiteElo "2333"]
[BlackElo "1988"]
[WhiteFideId "404691"]
[BlackFideId "21819327"]
[EventDate "2020.05.25"]

1. e4 c5 2. Nf3 d6 3. d4 cxd4 4. Nxd4 Nf6 5. f3 e5 6. Nb3 d5 7. Bg5 Be6 8. Bxf6
gxf6 9. exd5 Qxd5 10. Qxd5 Bxd5 11. Nc3 Be6 12. Nb5 Na6 13. O-O-O Bh6+ 14. Kb1
Ke7 15. Na5 Nc5 16. Bc4 a6 17. Nd6 Bxc4 18. Naxc4 Ke6 19. g4 Rhd8 20. Nf5 Bf8
21. Nb6 Rab8 22. b4 Nd7 23. Nd5 Rbc8 24. Nde7 Nb6 25. Nxc8 Rxc8 26. a3 Nd5 27.
Kb2 b5 28. Rd3 Nb6 29. Rhd1 Nc4+ 30. Kb3 h5 31. h3 hxg4 32. hxg4 a5 33. Rd7 axb4
34. Ra7 Rc6 35. axb4 e4 36. Rd8 exf3 37. Rxf8 f2 38. Re7+ Kd5 39. Rd8+ Nd6 40.
Ne3+ Kd4 41. Nf5+ Kd5 42. c3 Ra6 43. Ne3+ Kc6 44. Red7 Ne4 45. Rd1 f5 46. gxf5
Ra7 47. Rc8+ Kb7 48. Re8 1-0

[Event "Euro Online U2300 Day 1"]
[Site "chess.com INT"]
[Date "2020.05.25"]
[Round "6"]
[White "Selbes, Tarik"]
[Black "Eynullayev, Altay"]
[Result "1-0"]
[WhiteTitle "FM"]
[BlackTitle "FM"]
[WhiteElo "2235"]
[BlackElo "2227"]
[WhiteFideId "6302513"]
[BlackFideId "13413562"]
[EventDate "2020.05.25"]

1. e4 e5 2. Nf3 Nc6 3. Bb5 Nf6 4. d3 Bc5 5. c3 O-O 6. O-O d6 7. h3 Ne7 8. Re1
Ng6 9. d4 Bb6 10. Na3 exd4 11. cxd4 d5 12. e5 Ne4 13. Bd3 Bf5 14. Nc2 f6 15. Ne3
Be6 16. Nxd5 Nxf2 17. Kxf2 Qxd5 18. Be4 Qd8 19. Be3 c6 20. Kg1 fxe5 21. dxe5
Bxe3+ 22. Rxe3 Qb6 23. Qe1 Nf4 24. Kh1 Qxb2 25. Ng5 Bf5 26. Bf3 h6 27. Ne4 Qxe5
28. Ng3 Qf6 29. Nxf5 Qxf5 30. Rd1 Nxh3 31. Re7 Ng5 32. Rdd7 Nxf3 33. Rxg7+ Kh8
34. gxf3 Qxf3+ 35. Kg1 Qf5 36. Qa1 Rf6 37. Rdf7 Rf8 38. Rh7+ Qxh7 39. Qxf6+ 1-0

[Event "Euro Online U2300 Day 1"]
[Site "chess.com INT"]
[Date "2020.05.25"]
[Round "6"]
[White "Kukucka, Matej"]
[Black "Kresz, Adam"]
[Result "0-1"]
[WhiteElo "2107"]
[BlackElo "2138"]
[WhiteFideId "14917270"]
[BlackFideId "794422"]
[EventDate "2020.05.25"]

1. d4 d5 2. c4 e6 3. Nc3 c6 4. Nf3 Nf6 5. cxd5 exd5 6. Bg5 Bd6 7. e3 O-O 8. Bd3
Re8 9. Qc2 h6 10. Bh4 Nbd7 11. h3 b5 12. O-O-O a5 13. g4 a4 14. g5 hxg5 15. Nxg5
b4 16. Nxa4 Qa5 17. b3 Ba6 18. Bh7+ Kf8 19. Rhg1 Re7 20. e4 Bf4+ 21. Kb1 Bb5 22.
e5 Ne8 23. Nf3 Bxa4 24. Bxe7+ Kxe7 25. bxa4 Qxa4 26. Qxa4 Rxa4 27. Bc2 Ra3 28.
Bb3 Bh6 29. Ne1 Nc7 30. Nd3 Nb5 31. Nxb4 Nc3+ 32. Kb2 Nxd1+ 33. Kxa3 Bc1+ 34.
Ka4 Nb2+ 35. Ka5 Bd2 36. a3 c5 37. dxc5 Nxc5 38. Kb5 Bxb4 39. axb4 Nxb3 40. Rxg7
Nd4+ 41. Kc5 Ne6+ 42. Kxd5 Nxg7 43. b5 Na4 44. Kc6 Ne6 45. b6 Nd8+ 46. Kc7 Nc5
47. f4 Nce6+ 48. Kc8 Nxf4 49. h4 Ng6 50. h5 Nxe5 51. h6 Ng6 52. h7 f5 53. b7
Nxb7 54. Kxb7 f4 55. Kc6 f3 56. Kd5 f2 0-1

[Event "Euro Online U2300 Day 1"]
[Site "chess.com INT"]
[Date "2020.05.25"]
[Round "6"]
[White "Marn, Jan"]
[Black "Patrascu, Catalin-Lucian"]
[Result "0-1"]
[WhiteTitle "FM"]
[BlackTitle "FM"]
[WhiteElo "2360"]
[BlackElo "2320"]
[WhiteFideId "14619245"]
[BlackFideId "1229052"]
[EventDate "2020.05.25"]

1. d4 Nf6 2. c4 e6 3. Nc3 Bb4 4. e3 O-O 5. Ne2 c6 6. a3 Ba5 7. b4 Bc7 8. Ng3 d5
9. Bb2 Nbd7 10. Be2 dxc4 11. Bxc4 e5 12. O-O exd4 13. Qxd4 Nb6 14. Qxd8 Rxd8 15.
Bb3 Nbd5 16. Rfd1 Be6 17. Nxd5 Nxd5 18. e4 Nf4 19. Bxe6 fxe6 20. Kf1 Kf7 21. Bc3
h5 22. h3 g6 23. Ne2 g5 24. Nd4 Be5 25. Nb5 Kf6 26. Bxe5+ Kxe5 27. Nc3 a5 28.
Na4 Rxd1+ 29. Rxd1 axb4 30. Nc5 bxa3 31. f3 Kf6 32. Nd7+ Ke7 33. Nb6 Ra6 34.
Nc8+ Kf6 35. g3 Ng6 36. Ke2 Ne5 37. f4 gxf4 38. gxf4 Nc4 39. e5+ Kg6 40. Nd6 a2
41. Rg1+ Kh7 42. Ne8 Kh6 43. Nf6 Ra8 44. Ra1 Kg6 45. Kd3 b5 46. Rg1+ Kf7 47. Ra1
Kg6 48. Rg1+ Kf5 49. Nxh5 Ra3+ 50. Kd4 a1=Q+ 51. Rxa1 Rxa1 0-1

[Event "Euro Online U2300 Day 1"]
[Site "chess.com INT"]
[Date "2020.05.25"]
[Round "6"]
[White "Medancic, Rikard"]
[Black "Nikolova, Adriana"]
[Result "1-0"]
[WhiteTitle "IM"]
[BlackTitle "WGM"]
[WhiteElo "2145"]
[BlackElo "2247"]
[WhiteFideId "14500531"]
[BlackFideId "2908689"]
[EventDate "2020.05.25"]

1. d4 d5 2. c4 c6 3. Nf3 Nf6 4. Nc3 dxc4 5. a4 Bf5 6. e3 e6 7. Bxc4 Bb4 8. O-O
Nbd7 9. Qe2 Bg6 10. Bd3 Bh5 11. h3 O-O 12. Bd2 Bxf3 13. Qxf3 e5 14. Rfd1 Qe7 15.
Bc2 Rfe8 16. a5 Rad8 17. a6 exd4 18. exd4 Bxc3 19. bxc3 Nb6 20. axb7 Qxb7 21.
Bg5 Rd6 22. Rdb1 Qd7 23. Qd3 Ne4 24. Bf4 Rg6 25. Re1 Rge6 26. Be5 f5 27. f3 Nd6
28. Bb3 Nd5 29. c4 Nf4 30. Qd2 Ng6 31. Bxd6 Rxd6 32. c5+ Rd5 33. Bxd5+ cxd5 34.
Rxe8+ Qxe8 35. Rxa7 h6 36. Kf2 Kh7 37. Qe3 Qb8 38. Ra2 Qh2 39. Rc2 Nh4 40. Kf1
Qg3 41. Qf2 Qg5 42. c6 f4 43. c7 Nf5 44. c8=Q Ne3+ 45. Qxe3 fxe3 46. Re2 Qg3 47.
Rxe3 Qxg2+ 48. Kxg2 1-0

[Event "Euro Online U2300 Day 1"]
[Site "chess.com INT"]
[Date "2020.05.25"]
[Round "6"]
[White "Jovancevic, Jovan"]
[Black "Oleynik, Alexander"]
[Result "0-1"]
[WhiteElo "2117"]
[BlackElo "2249"]
[WhiteFideId "900702"]
[BlackFideId "14110113"]
[EventDate "2020.05.25"]

1. d4 Nf6 2. c4 e6 3. Nc3 Bb4 4. e3 O-O 5. Nf3 d5 6. Bd3 a6 7. O-O dxc4 8. Bxc4
b5 9. Bd3 Bb7 10. Ne5 Nbd7 11. f4 c5 12. a3 cxd4 13. exd4 Ba5 14. Be3 Rc8 15.
Rc1 b4 16. axb4 Bxb4 17. Qb3 a5 18. Rfd1 Nb6 19. Ne2 Qd5 20. Qxd5 Bxd5 21. Kf2
Bb3 22. Rf1 Nbd5 23. h3 Nxe3 24. Kxe3 Nd5+ 25. Kf3 Bd2 26. Rxc8 Rxc8 27. Nd7 Nf6
28. Nxf6+ gxf6 29. f5 Bd5+ 30. Be4 Bxe4+ 31. Kxe4 Kg7 32. Kd3 Bh6 33. Ra1 Rb8
34. Kc2 Rc8+ 35. Nc3 Rd8 36. Kd3 Rb8 37. Kc2 Rd8 38. Ra4 Be3 39. Kd3 Bg1 40. Ne2
Bf2 41. Rxa5 e5 42. d5 Kh6 43. b4 Kg5 44. g4 Rb8 45. Kc4 Be1 46. Rb5 Rc8+ 47.
Rc5 Rb8 48. Rb5 Rc8+ 49. Kd3 Kh4 50. Ke4 Kxh3 51. g5 fxg5 52. f6 g4 53. d6 Rd8
54. Kd5 g3 55. Kc6 g2 56. Rxe5 Bxb4 57. d7 Ra8 58. Re8 Ra6+ 59. Kb5 Rd6 60. d8=Q
Rxd8 61. Rxd8 Be1 62. Rh8 Kg4 63. Rxh7 Kf3 64. Ng1+ Kf2 65. Nh3+ Kg3 66. Kc6 Bc3 0-1

[Event "Euro Online U2300 Day 1"]
[Site "chess.com INT"]
[Date "2020.05.25"]
[Round "6"]
[White "Grineva, Marianna"]
[Black "Theuretzbacher, Klaus"]
[Result "1-0"]
[WhiteTitle "WFM"]
[WhiteElo "2002"]
[BlackElo "2177"]
[WhiteFideId "14102013"]
[BlackFideId "1601571"]
[EventDate "2020.05.25"]

1. d4 Nf6 2. c4 c5 3. d5 b5 4. cxb5 a6 5. bxa6 g6 6. Nc3 Bxa6 7. Nf3 d6 8. g3
Bg7 9. Bg2 O-O 10. O-O Nbd7 11. Re1 Nb6 12. e4 Nfd7 13. Qc2 Qc7 14. b3 Rfb8 15.
a4 c4 16. b4 Nc8 17. Rb1 Ne5 18. Nxe5 Bxe5 19. Be3 Nb6 20. a5 Nd7 21. f4 Bg7 22.
Rec1 Rb7 23. b5 Bxc3 24. b6 Qc8 25. Qxc3 Nc5 26. e5 Qd7 27. Bxc5 dxc5 28. Rd1
Rd8 29. d6 Rbb8 30. Rd2 exd6 31. Rxd6 Qa4 32. Bc6 Qa2 33. Rb2 Qa1+ 34. Kg2 Rxd6
35. exd6 Bb7 36. Bxb7 Rxb7 37. Rc2 Qa4 38. Rd2 Rd7 39. Kf2 Qc6 40. Qxc4 Qh1 41.
Qd5 Qxh2+ 42. Qg2 Qh5 43. Rd5 Qg4 44. Qe4 h5 45. Qe8+ Kh7 46. f5 Qc4 47. fxg6+
Kxg6 48. Qg8+ Kh6 49. Qh8+ Kg6 50. Qxh5+ Kf6 51. Qg5+ Ke6 52. Qf5# 1-0

[Event "Euro Online U2300 Day 1"]
[Site "chess.com INT"]
[Date "2020.05.25"]
[Round "6"]
[White "Melnikov, Sergey"]
[Black "Purtseladze, Maka"]
[Result "1/2-1/2"]
[BlackTitle "IM"]
[WhiteElo "2039"]
[BlackElo "2274"]
[WhiteFideId "34141062"]
[BlackFideId "13602659"]
[EventDate "2020.05.25"]

1. d4 Nf6 2. c4 Nc6 3. Nc3 e5 4. d5 Ne7 5. e4 Ng6 6. Bd3 Bc5 7. Nf3 a5 8. O-O d6
9. h3 O-O 10. Re1 h6 11. Be3 Bxe3 12. Rxe3 Nf4 13. Bf1 g5 14. Nh2 Nh7 15. g4 Re8
16. Ne2 Nf8 17. Ng3 N8g6 18. a3 a4 19. c5 dxc5 20. Nf5 Bxf5 21. gxf5 Nh4 22. Bb5
Rf8 23. Bxa4 Qd6 24. Rc1 f6 25. Qb3 Nhg2 26. Qd1 Nxe3 27. fxe3 Rxa4 28. exf4 Rd4
29. Qh5 Rf7 30. Ng4 Kf8 31. Qxh6+ Ke7 32. fxg5 fxg5 33. Qxg5+ Kd7 34. f6 Kc8 35.
Re1 b5 36. Qf5+ Kb7 37. Rf1 Rd2 38. Qxe5 c4 39. Qxd6 cxd6 40. e5 dxe5 41. Nxe5
Rf8 42. f7 Rxd5 43. Rf5 Ka6 44. Kf2 Rxe5 45. Rxe5 Rxf7+ 46. Ke2 Ka5 47. Re3 Ka4
48. Kd2 Rg7 49. Kc3 Rg1 50. Re8 Rg3+ 51. Kc2 Rg2+ 52. Kc3 Rg3+ 53. Kc2 Rg2+ 54.
Kc3 Rg3+ 1/2-1/2

[Event "Euro Online U2300 Day 1"]
[Site "chess.com INT"]
[Date "2020.05.25"]
[Round "6"]
[White "Jakubowska, Anna"]
[Black "Timagin, Petr"]
[Result "1-0"]
[WhiteTitle "WIM"]
[BlackTitle "FM"]
[WhiteElo "2073"]
[BlackElo "2337"]
[WhiteFideId "1121952"]
[BlackFideId "4137698"]
[EventDate "2020.05.25"]

1. e4 c5 2. Nf3 g6 3. Nc3 Bg7 4. g3 Nc6 5. Bg2 d6 6. O-O h5 7. d3 Nd4 8. h3 e5
9. Nd5 Be6 10. c3 Nxf3+ 11. Qxf3 Bxd5 12. exd5 Ne7 13. Bg5 O-O 14. Bf6 Bxf6 15.
Qxf6 Nf5 16. Qxd8 Raxd8 17. Rae1 g5 18. Kh2 Rde8 19. Re4 Ne7 20. Ra4 a6 21. Bf3
Kg7 22. Bxh5 Rh8 23. Bf3 f5 24. Bg2 Ng6 25. b4 g4 26. h4 c4 27. dxc4 e4 28. b5
f4 29. bxa6 bxa6 30. Rxa6 f3 31. Rxd6 fxg2 32. Kxg2 Ne5 33. c5 Rhf8 34. c6 Rf7
35. Rb1 Nc4 36. Rd7 Rxd7 37. cxd7 Rd8 38. Rb7 Kf6 39. a4 Ne5 40. a5 Nxd7 41. a6
Nc5 42. Rb6+ Ke5 43. c4 Kd4 44. h5 Kxc4 45. h6 Kxd5 46. a7 Ra8 47. h7 1-0

[Event "Euro Online U2300 Day 1"]
[Site "chess.com INT"]
[Date "2020.05.25"]
[Round "6"]
[White "Yanev, Pavel"]
[Black "Nikac, Predrag"]
[Result "1-0"]
[BlackTitle "IM"]
[WhiteElo "2267"]
[BlackElo "2313"]
[WhiteFideId "2910756"]
[BlackFideId "908975"]
[EventDate "2020.05.25"]

1. e4 c5 2. Nf3 Nc6 3. d4 cxd4 4. Nxd4 e5 5. Nf5 Nf6 6. Nc3 d5 7. exd5 Bxf5 8.
dxc6 Qxd1+ 9. Nxd1 bxc6 10. Ne3 Be6 11. Nc4 Nd7 12. Be3 f5 13. O-O-O f4 14. Bd2
Bc5 15. f3 O-O 16. Bc3 Rf5 17. Nd6 Rg5 18. h4 Rg6 19. h5 Rg5 20. h6 gxh6 21.
Rxh6 Rg6 22. Rxg6+ hxg6 23. Bc4 Be3+ 24. Kb1 Nc5 25. Bxe5 Rd8 26. Bxe6+ Nxe6 27.
Rh1 Ng7 28. Ne4 Nh5 29. b4 Rd5 30. Bc3 Kf7 31. Kb2 Ke6 32. a4 Kf5 33. Kb3 Rd7
34. b5 cxb5 35. axb5 Bb6 36. Bb2 Ng3 37. Re1 Nxe4 38. Rxe4 g5 39. Re2 Rd1 40. c4
Rb1 41. c5 Bc7 42. Re7 Bd8 43. Rf7+ Kg6 44. Rg7+ Kf5 45. Rf7+ Ke6 46. Rxa7 Kd5
47. Rd7+ Kxc5 48. Rxd8 Kxb5 49. Rg8 Re1 50. Rxg5+ 1-0

[Event "Euro Online U2300 Day 1"]
[Site "chess.com INT"]
[Date "2020.05.25"]
[Round "6"]
[White "Khazhomia, Salome"]
[Black "Goltseva, Ekaterina"]
[Result "0-1"]
[WhiteTitle "WFM"]
[BlackTitle "FM"]
[WhiteElo "2092"]
[BlackElo "2306"]
[WhiteFideId "13603230"]
[BlackFideId "24173770"]
[EventDate "2020.05.25"]

1. d4 Nf6 2. c4 e6 3. Nf3 d5 4. Nc3 dxc4 5. e3 a6 6. a4 b6 7. Bxc4 Bb7 8. O-O
Bb4 9. Bd3 O-O 10. Qe2 c5 11. Na2 Nc6 12. Nxb4 Nxb4 13. Bb1 Bxf3 14. Qxf3 cxd4
15. Rd1 d3 16. b3 e5 17. Bb2 e4 18. Qf4 Nbd5 19. Qe5 Re8 20. Qd4 Qd7 21. Ba2
Rad8 22. b4 Qg4 23. Qc4 Rc8 24. Qb3 Qg6 25. Rac1 h6 26. b5 a5 27. Rc6 Nb4 28.
Rxb6 Nxa2 29. Qxa2 Rc2 30. Qb3 Qf5 31. Rf1 Ng4 32. Rc6 Rxf2 33. Rcc1 Rxg2+ 34.
Kxg2 Nxe3+ 35. Kh1 Nxf1 36. Qd1 Ne3 37. Qd2 Ng4 38. Qg2 e3 39. h3 Nf2+ 40. Kh2
Qf4+ 41. Kg1 g6 42. Rf1 d2 43. Bc3 d1=Q 44. Rxd1 Nxd1 0-1

[Event "Euro Online U2300 Day 1"]
[Site "chess.com INT"]
[Date "2020.05.25"]
[Round "6"]
[White "Sedina, Elena"]
[Black "Bykhovsky, Avigdor"]
[Result "0-1"]
[WhiteTitle "IM"]
[BlackTitle "GM"]
[WhiteElo "2299"]
[BlackElo "2405"]
[WhiteFideId "812153"]
[BlackFideId "4101057"]
[EventDate "2020.05.25"]

1. e4 e6 2. d4 d5 3. e5 c5 4. c3 Nc6 5. Nf3 Qb6 6. Be2 Nh6 7. Bd3 Bd7 8. Bc2
cxd4 9. cxd4 Nb4 10. Bxh6 gxh6 11. O-O Nxc2 12. Qxc2 Rc8 13. Nc3 Bg7 14. Rfe1
O-O 15. Qd2 Rc4 16. Re3 Rfc8 17. Rd1 Qd8 18. b3 R4c7 19. Ne1 Kh8 20. Rg3 f6 21.
exf6 Qxf6 22. Ne2 Be8 23. Nf4 Bf7 24. Rf3 Qg5 25. Rg3 Qe7 26. Qe3 Qf6 27. Rf3
Qf5 28. Nfd3 Qe4 29. Nc5 Qxe3 30. fxe3 Bh5 31. Nxe6 Bxf3 32. gxf3 Rc1 33. Rxc1
Rxc1 34. Kf1 Ra1 35. a4 Rb1 36. Ke2 Rb2+ 37. Kd1 Rxb3 38. e4 Ra3 39. exd5 Rxa4
40. Nc2 Bf6 41. d6 Ra6 42. Nc7 Rxd6 43. Ne8 Re6 44. Nc7 Rc6 45. Ne8 Bg5 46. d5
Rc5 47. d6 Re5 0-1

[Event "Euro Online U2300 Day 1"]
[Site "chess.com INT"]
[Date "2020.05.25"]
[Round "6"]
[White "Voracek, Miroslav"]
[Black "Makropoulou, Marina"]
[Result "1-0"]
[BlackTitle "WGM"]
[WhiteElo "2226"]
[BlackElo "2173"]
[WhiteFideId "313335"]
[BlackFideId "4200187"]
[EventDate "2020.05.25"]

1. e4 c5 2. Nf3 e6 3. d4 cxd4 4. Nxd4 Nc6 5. Nc3 a6 6. Be3 Nf6 7. f3 Bb4 8. Nb3
d5 9. exd5 Nxd5 10. Bd2 O-O 11. Bd3 Qh4+ 12. g3 Qh3 13. Ne4 Qg2 14. Nf2 Ne5 15.
Bxb4 Nxf3+ 16. Ke2 Nxb4 17. Be4 Qxh1 18. Qxh1 Ne5 19. Bxh7+ Kxh7 20. Qe4+ Kg8
21. Qxb4 Bd7 22. Na5 Rac8 23. c4 Bc6 24. Nxc6 Nxc6 25. Qb6 e5 26. Rd1 Nd4+ 27.
Rxd4 exd4 28. Qxd4 Rfd8 29. Qb6 Rd7 30. b3 Rc6 31. Qb4 Rcd6 32. Ne4 Re6 33. Kf3
Rd3+ 34. Kf4 Rd4 35. Qxb7 Kh7 36. Kf3 Rd3+ 37. Kf2 f6 38. Qc8 Re5 39. c5 Rd4 40.
Qh3+ Kg8 41. Qc8+ Kh7 42. Nd6 Rd2+ 43. Kf3 Rd3+ 44. Kg2 Rd2+ 45. Kh3 Rh5+ 46.
Kg4 Rdxh2 47. Nf7 1-0

[Event "Euro Online U2300 Day 1"]
[Site "chess.com INT"]
[Date "2020.05.25"]
[Round "6"]
[White "Verbin, Valentina"]
[Black "Bazakutsa, Svyatoslav"]
[Result "1-0"]
[WhiteElo "1982"]
[BlackElo "1966"]
[WhiteFideId "13905910"]
[BlackFideId "14198525"]
[EventDate "2020.05.25"]

1. d4 Nf6 2. c4 g6 3. Nc3 Bg7 4. e4 d6 5. Nf3 O-O 6. Be2 c5 7. O-O Nc6 8. d5 Na5
9. h3 e5 10. a3 b6 11. b4 Nb7 12. Ne1 Kh8 13. Nd3 Ng8 14. bxc5 Nxc5 15. Nxc5
bxc5 16. Be3 Bh6 17. Bxh6 Nxh6 18. Qd2 Ng8 19. f4 exf4 20. Qxf4 Qe7 21. Nb5 Rd8
22. Qxf7 Qxe4 23. Qc7 Bxh3 24. gxh3 Qxe2 25. Rae1 Qd3 26. Kg2 Qxc4 27. Nxd6
Qxd5+ 28. Ne4 Rd7 29. Qxc5 Re8 30. Qc3+ Qd4 31. Qxd4+ Rxd4 32. Nc5 Rc8 33. Ne4
Rc2+ 34. Rf2 Rdc4 35. Ng5 Rxf2+ 36. Kxf2 Rf4+ 37. Kg2 h6 38. Ne4 Kg7 39. Kg3 Rf5
40. Rb1 Re5 41. Kf3 Re7 42. Rb5 Nf6 43. Nd6 a6 44. Rb6 Nd5 45. Rxa6 Re3+ 46. Kf2
Rxh3 47. a4 Ra3 48. Nb5 Rb3 49. Nd4 Rd3 50. Ne6+ Kf7 51. Nc5 Rc3 52. Ne4 Ra3 53.
a5 Nb4 54. Ra7+ Ke6 55. a6 Kf5 56. Nc5 Rc3 57. Rf7+ Ke5 58. a7 Ra3 59. Rh7 h5
60. Nd7+ Kd6 61. Nb6 Nd3+ 62. Kf1 Ra1+ 63. Ke2 Nf4+ 64. Kf3 Nd5 65. a8=Q Rxa8
66. Nxa8 Kc6 67. Rg7 1-0

[Event "Euro Online U2300 Day 1"]
[Site "chess.com INT"]
[Date "2020.05.25"]
[Round "6"]
[White "Travica, Robert"]
[Black "Vujacic, Igor"]
[Result "1-0"]
[BlackTitle "CM"]
[WhiteElo "2002"]
[BlackElo "2207"]
[WhiteFideId "954861"]
[BlackFideId "932620"]
[EventDate "2020.05.25"]

1. e4 c5 2. Nf3 a6 3. d4 cxd4 4. Nxd4 Nf6 5. Nc3 e5 6. Nf3 Bb4 7. Bd2 O-O 8. Bd3
Nc6 9. O-O d6 10. h3 Be6 11. Qe2 Qc7 12. a3 Bxc3 13. Bxc3 h6 14. Rfe1 b5 15.
Rad1 Rab8 16. b3 Rfc8 17. Bb2 Nd7 18. Qe3 a5 19. Rc1 a4 20. b4 Nb6 21. Bxb5 Na7
22. Bd3 Nc4 23. Bxc4 Bxc4 24. Nd2 Qb7 25. Red1 Nb5 26. Nxc4 Rxc4 27. f3 Qc6 28.
Rd2 Rc8 29. Kh2 Kh7 30. Qf2 g6 31. g4 Kg7 32. Kg2 Rh8 33. h4 h5 34. g5 Rc8 35.
Kg3 Kh7 36. Rd5 Nc3 37. Rd2 Nb5 38. Qe3 Rc7 39. Qf2 Nc3 40. Ra1 Nxe4+ 41. fxe4
Rxe4 42. Kh2 Rg4 43. Rg1 Rf4 44. Qg3 Qe4 45. Kh3 Rg4 46. Qf2 Rf4 47. Qg3 1-0

[Event "Euro Online U2300 Day 1"]
[Site "chess.com INT"]
[Date "2020.05.25"]
[Round "6"]
[White "Kniazev, Alexander V."]
[Black "Stefan, Romulus-Cristian"]
[Result "0-1"]
[WhiteTitle "FM"]
[BlackTitle "CM"]
[WhiteElo "2236"]
[BlackElo "2151"]
[WhiteFideId "4144120"]
[BlackFideId "1232835"]
[EventDate "2020.05.25"]

1. e4 c5 2. Nf3 e6 3. d4 cxd4 4. Nxd4 Nf6 5. Nc3 Nc6 6. Ndb5 Bb4 7. a3 Bxc3+ 8.
Nxc3 d5 9. exd5 exd5 10. Bd3 O-O 11. O-O d4 12. Ne2 Bg4 13. h3 Bh5 14. Bf4 Re8
15. Qd2 Qb6 16. Ng3 Bg6 17. Rab1 Rad8 18. Bg5 Ne5 19. Rfd1 h6 20. Bxg6 fxg6 21.
Bxf6 Qxf6 22. Re1 Nc6 23. Ne4 Qf5 24. f3 g5 25. Nf2 Re3 26. Ng4 Ree8 27. Nf2 Re3
28. Ne4 Qf4 29. Qf2 Rf8 30. Nc5 Rf7 31. Nd3 Qd6 32. Rxe3 dxe3 33. Qxe3 Re7 34.
Qf2 Nd4 35. Re1 Rc7 36. c3 Ne6 37. Ne5 Nf4 38. Re4 Qd1+ 39. Kh2 Qd5 40. g3 Ne6
41. Ng4 Nc5 42. Rd4 Qe6 0-1

[Event "Euro Online U2300 Day 1"]
[Site "chess.com INT"]
[Date "2020.05.25"]
[Round "6"]
[White "Khojayan, Vardan"]
[Black "Ranaldi, Lucas"]
[Result "1/2-1/2"]
[BlackTitle "FM"]
[WhiteElo "2266"]
[BlackElo "2353"]
[WhiteFideId "13303520"]
[BlackFideId "1519484"]
[EventDate "2020.05.25"]

1. c4 c5 2. Nc3 Nc6 3. g3 g6 4. Bg2 Bg7 5. e3 e5 6. Nge2 Nge7 7. O-O O-O 8. b3
d6 9. Bb2 f5 10. d3 Rb8 11. a3 Be6 12. Qd2 d5 13. Rad1 Qd7 14. Qc2 b6 15. cxd5
Nxd5 16. Nxd5 Bxd5 17. e4 Be6 18. b4 Nd4 19. Nxd4 cxd4 20. exf5 Bxf5 21. Be4
Rbc8 22. Qe2 Bg4 23. f3 Be6 24. Qd2 Bd5 25. Kg2 Rf7 26. Rc1 Rcf8 27. Rc2 Qe6 28.
Bc1 Bxe4 29. dxe4 Qb3 30. f4 Bh6 31. Rf3 Qe6 32. Qf2 exf4 33. Qxd4 Bg7 34. Qd5
Qxd5 35. exd5 fxg3 36. Rxf7 Rxf7 37. hxg3 Rd7 38. Bf4 Rxd5 39. Rc8+ Bf8 40. Bh6
Rf5 41. Ra8 Rf7 42. Bxf8 Rxf8 43. Rxa7 Rd8 44. Rb7 Ra8 45. Rxb6 Rxa3 46. Rb7 h5
47. b5 Rb3 48. b6 Rb4 49. Kf2 Kh8 50. Kf3 Kg8 51. Ke3 g5 52. Kf3 Kh8 53. Kg2 Kg8
54. Kf3 Kh8 55. Kf2 Kg8 56. Kf3 1/2-1/2

[Event "Euro Online U2300 Day 1"]
[Site "chess.com INT"]
[Date "2020.05.25"]
[Round "6"]
[White "Giannoulakis, Lampros"]
[Black "Bayramov, Zaur"]
[Result "1/2-1/2"]
[WhiteTitle "FM"]
[BlackTitle "FM"]
[WhiteElo "2293"]
[BlackElo "2357"]
[WhiteFideId "4247019"]
[BlackFideId "13405080"]
[EventDate "2020.05.25"]

1. d4 Nf6 2. c4 c5 3. d5 e6 4. Nc3 exd5 5. cxd5 d6 6. Nf3 g6 7. Bf4 a6 8. a4 Bg7
9. h3 O-O 10. e3 Qe7 11. Be2 Nbd7 12. O-O Rb8 13. Re1 Ne8 14. Nd2 Ne5 15. Bg3 f5
16. Bf1 Nf6 17. Rb1 Bd7 18. f4 Nf7 19. e4 fxe4 20. Ndxe4 Nxe4 21. Nxe4 Qd8 22.
Kh2 b5 23. axb5 axb5 24. b4 c4 25. Bf2 Bf5 26. g4 Bxe4 27. Rxe4 Ra8 28. Re2 Ra3
29. Re3 Ra2 30. Re2 Qa8 31. g5 Nxg5 32. Bg2 Rxf4 33. Bg3 Rd4 34. Qe1 Rxe2 35.
Qxe2 Rd3 36. Bxd6 Qd8 37. Bf4 Qf6 38. Rf1 h6 39. d6 Rxd6 40. Bxd6 Qxd6+ 41. Kh1
Qg3 42. Qg4 Qxg4 43. hxg4 Bf8 44. Rb1 c3 45. Bc6 Bxb4 46. Bxb5 Ba3 47. Bd3 Bb2
48. Bxg6 Kg7 49. Bf5 Nf3 50. Kg2 Nh4+ 51. Kf2 Nxf5 52. gxf5 Kf6 53. Ke3 c2 54.
Rf1 h5 55. Kd2 c1=Q+ 56. Rxc1 Bxc1+ 57. Ke2 h4 58. Kf3 Kxf5 59. Kg2 Kg4 60. Kh1
Bf4 61. Kg2 Bg3 62. Kh1 Kh3 63. Kg1 Bc7 64. Kh1 Ba5 65. Kg1 Kg4 66. Kh1 h3 67.
Kg1 Bb6+ 68. Kh1 Ba7 69. Kh2 Kh4 70. Kh1 Kg3 1/2-1/2

[Event "Euro Online U2300 Day 1"]
[Site "chess.com INT"]
[Date "2020.05.25"]
[Round "6"]
[White "Razafindratsima, Timothe"]
[Black "Pavlov, Mikhail"]
[Result "1/2-1/2"]
[WhiteTitle "FM"]
[WhiteElo "2336"]
[BlackElo "2091"]
[WhiteFideId "36069884"]
[BlackFideId "44126573"]
[EventDate "2020.05.25"]

1. e4 e6 2. d4 d5 3. Nd2 c5 4. exd5 Qxd5 5. dxc5 Bxc5 6. Ngf3 Nc6 7. Bc4 Qh5 8.
Ne4 Nf6 9. Nxc5 Qxc5 10. Bb3 O-O 11. O-O b6 12. Be3 Qe7 13. Re1 Bb7 14. h3 Rfd8
15. Qe2 Rac8 16. c3 h6 17. Bf4 Nd5 18. Bg3 Qf6 19. Rad1 Nf4 20. Qe3 Ng6 21. Bc2
Nce7 22. Ne5 Ba8 23. Ng4 Qg5 24. Qxg5 hxg5 25. Ne5 Nxe5 26. Bxe5 f6 27. Bd6 Kf7
28. Bxe7 Kxe7 29. Rxd8 Rxd8 30. Bf5 e5 31. Re2 Bd5 32. b3 Bc6 33. f3 Rd1+ 34.
Kf2 Rc1 35. Bc2 a5 36. Ke3 Ra1 37. a4 Bd7 38. Kd2 Be6 39. b4 axb4 40. cxb4 Bd7
41. b5 Ra2 42. Kc3 Bf5 43. Kb3 Rxc2 44. Rxc2 Bxc2+ 45. Kxc2 Kd6 46. Kd2 Kc5 47.
Kc3 g6 48. g4 f5 49. gxf5 gxf5 50. Kb3 Kd5 51. Kc3 e4 52. fxe4+ fxe4 53. Kd2 Kc5
54. Ke3 Kb4 55. Kxe4 Kxa4 56. Kf5 Kxb5 57. Kxg5 Kc4 58. h4 b5 59. h5 b4 60. h6
b3 61. h7 b2 62. h8=Q b1=Q 63. Qc8+ Kb3 64. Qb7+ Kc2 65. Qe4+ Kb2 66. Qb4+ Kc1
67. Qe1+ Kb2 68. Qb4+ Kc1 69. Qc3+ Kd1 70. Kf4 Qc1+ 71. Qe3 Qxe3+ 72. Kxe3 1/2-1/2

[Event "Euro Online U2300 Day 1"]
[Site "chess.com INT"]
[Date "2020.05.25"]
[Round "6"]
[White "Farkas, Lajos Dr."]
[Black "Kryger, Oksana"]
[Result "0-1"]
[BlackTitle "WIM"]
[WhiteElo "2191"]
[BlackElo "2107"]
[WhiteFideId "711390"]
[BlackFideId "1404695"]
[EventDate "2020.05.25"]

1. d4 d5 2. c4 dxc4 3. e3 Nf6 4. Bxc4 e6 5. Nf3 a6 6. O-O c5 7. Nc3 b5 8. Bd3
Bb7 9. b3 Nbd7 10. Bb2 Be7 11. Re1 O-O 12. e4 cxd4 13. Nxd4 Qb6 14. Nf3 Nc5 15.
Bc2 Rfd8 16. Qe2 Rac8 17. Rad1 b4 18. Rxd8+ Bxd8 19. Na4 Nxa4 20. bxa4 a5 21.
Bd4 Qc6 22. Bd3 Qxa4 23. Ng5 h6 24. e5 Qc6 25. Nf3 Nd7 26. Bb5 Qd5 27. Rd1 Bc6
28. Ba6 Ra8 29. Ba7 Rxa7 30. Rxd5 Bxd5 31. Bb5 Nc5 32. Nd4 Bb6 33. h3 Ne4 34.
Nc6 Bxf2+ 35. Kh2 Bg3+ 36. Kg1 Rc7 37. Qd3 g6 38. Kf1 Kg7 39. Qc2 Bxe5 40. g4
Bc3 41. Qd3 Nd2+ 42. Ke2 Bxc6 43. Bxc6 Rxc6 44. Qd7 Rc5 45. Qe7 Re5+ 46. Kd3
Rd5+ 47. Kc2 Ne4 48. Qb7 Rd2+ 49. Kc1 Nc5 50. Qb5 Nd3+ 51. Kb1 Rb2+ 52. Ka1 Rc2+
53. Kb1 Rc1# 0-1